000 00603nam a22001577a 4500
999 _c13895
_d13895
008 190508b ||||| |||| 00| 0 eng d
082 _22019
_aUT 1283
_bF72
100 _aFormentera, Zerxell Lou C.
_938689
245 _aFinancial literacy of minimum wage earners in Digos City /
_cZerxell Lou C. Formentera, Jazzey Mhe M. Empasis, and Niño Mary N. Savillo.
260 _aDigos City:
_bUMDC
_cJanuary 2019.
300 _a62 pages;
_c30 cm.
650 _aAccountancy
_xUndergraduate thesis.
_938663
700 _aEmpasis, Jazzey Mhe M.
_938690
700 _aSavillo, Niño Mary N.
_938691
942 _2ddc
_cUT